Státy západního Balkánu v uplynulém čtvrtstoletí a perspektivy jejich vývoje

Saved in:
Bibliographic Details
Other Authors: Pelikán, Jan
Format: Book
Language:Czech
Published: Praha Filozofická fakulta Univerzity Karlovy 2016
Series:Varia
Subjects:
Tags: Add Tag
No Tags, Be the first to tag this record!

MARC

LEADER 00000nam a2200000 4500
001 0222498
005 20231215114558.4
020 |a 978-80-7308-648-0 
041 0 |a cze 
044 |a CZ 
245 1 0 |a Státy západního Balkánu v uplynulém čtvrtstoletí a perspektivy jejich vývoje  |c Jan Pelikán ... [et al.] 
264 1 |a Praha  |b Filozofická fakulta Univerzity Karlovy  |c 2016 
300 |a 464 s. 
490 1 |a Varia 
830 0 |a Varia 
610 2 0 |a politika medzinárodná 
610 2 0 |a vzťahy politické medzinárodné 
610 2 0 |a situácia hospodárska 
610 2 0 |a dejiny 
610 2 0 |a Balkán 
610 2 0 |a Albánsko 
610 2 0 |a Bosna a Hercegovina 
610 2 0 |a Čierna Hora 
610 2 0 |a Chorvátsko 
610 2 0 |a Kosovo 
610 2 0 |a Macedónsko 
610 2 0 |a Srbsko 
700 1 |a Pelikán, Jan